Normal view
MARC view
- Diplomacy-Foreign Relations-Jordan
Entry Topical Term
001 - CONTROL NUMBER
- control field: 6600
003 - CONTROL NUMBER IDENTIFIER
- control field: JO-AjAnu
005 - DATE AND TIME OF LATEST TRANSACTION
- control field: 20230606071353.0
008 - FIXED-LENGTH DATA ELEMENTS
- fixed length control field: 230606|| aca||aabn | a|a d
040 ## - CATALOGING SOURCE
- Original cataloging agency: JO-AjAnu
- Transcribing agency: JO-AjAnu
150 ## - HEADING--TOPICAL TERM
- Topical term or geographic name entry element: Diplomacy-Foreign Relations-Jordan
670 ## - SOURCE DATA FOUND
- Source citation: Work cat.: (JO-AjAnu)3420: AL-Swaeer,Abrar Ja'far, author 6599, HUMAN RIGHTS ASSESSMENT IN THE TOURISM SECTOR:CASE STUDY FROM JORDAN